[Event "Llinars del Valles op-B 8th"]
[Site "Llinars del Valles"]
[Date "2015.05.16"]
[Round "6"]
[White "Mallol Descarrega, Aleix"]
[Black "Company Codina, Abel"]
[Result "1/2-1/2"]
[WhiteElo "1823"]
[BlackElo "1914"]
[PlyCount "39"]
[EventDate "2015.04.11"]
[EventType "swiss"]
[EventRounds "9"]
[EventCountry "ESP"]
[SourceTitle "EXT 2016"]
[Source "ChessBase"]
[SourceDate "2015.10.08"]
[SourceVersion "1"]
[SourceVersionDate "2015.10.08"]
[SourceQuality "1"]

1. e4 e6 2. d4 d5 3. Nd2 c5 4. exd5 exd5 5. Ngf3 Nf6 6. Bb5+ Bd7 7. Qe2+ Qe7 8. 0-0 Qxe2 9. Bxe2 cxd4 10. Nxd4 Nc6 11. N2b3 Be7 12. Re1 0-0 13. Nxc6 bxc6 14. Bg4 Bxg4 15. Rxe7 Rae8 16. Rxe8 Rxe8 17. Be3 a6 18. Re1 Nd7 19. Bd2 Rxe1+ 20. Bxe1 1/2-1/2

[Event "Llinars del Valles op-B 8th"]
[Site "Llinars del Valles"]
[Date "2015.05.02"]
[Round "4"]
[White "Garrido Sanchez, Daniel"]
[Black "Company Codina, Abel"]
[Result "1-0"]
[WhiteElo "1814"]
[BlackElo "1914"]
[PlyCount "39"]
[EventDate "2015.04.11"]
[EventType "swiss"]
[EventRounds "9"]
[EventCountry "ESP"]
[SourceTitle "EXT 2016"]
[Source "ChessBase"]
[SourceDate "2015.10.08"]
[SourceVersion "1"]
[SourceVersionDate "2015.10.08"]
[SourceQuality "1"]

1. e4 e6 2. d4 d5 3. exd5 exd5 4. c4 Nf6 5. Nf3 Bb4+ 6. Nc3 0-0 7. Be2 dxc4 8. 0-0 h6 9. Bxc4 c6 10. Re1 Nd5 11. Bxd5 cxd5 12. Qb3 Bxc3 13. bxc3 Nc6 14. Ba3 Na5 15. Qb4 Nc4 16. Qxf8+ Qxf8 17. Bxf8 Kxf8 18. Ne5 Nd6 19. Nd3 Bf5 20. Nf4 1-0

[Event "Roncana op-A 8th"]
[Site "Santa Eulalia de Roncana"]
[Date "2014.11.22"]
[Round "6"]
[White "Company Codina, Abel"]
[Black "Vegara Gallego, Pere"]
[Result "1/2-1/2"]
[WhiteElo "1945"]
[BlackElo "1890"]
[PlyCount "64"]
[EventDate "2014.10.11"]
[EventType "swiss"]
[EventRounds "8"]
[EventCountry "ESP"]
[SourceTitle "CBM 163 Extra"]
[Source "ChessBase"]
[SourceDate "2014.12.23"]
[SourceVersion "1"]
[SourceVersionDate "2014.12.23"]
[SourceQuality "1"]

1. Nf3 d5 2. g3 b6 3. Bg2 Bb7 4. 0-0 Nc6 5. d3 Nf6 6. Nbd2 e5 7. e4 dxe4 8. dxe4 Be7 9. Nh4 0-0 10. Nf5 Re8 11. Re1 Bf8 12. c3 a5 13. a4 Ne7 14. Qf3 Nxf5 15. Qxf5 Bc8 16. Qg5 h6 17. Qe3 Bc5 18. Qe2 Ng4 19. Rf1 h5 20. h3 Nf6 21. Rd1 Qe7 22. Nb3 Ba6 23. Qe1 Bd6 24. Bg5 Rad8 25. Nd2 Qe6 26. Bxf6 Qxf6 27. Bf1 Bxf1 28. Qxf1 Qe6 29. Kg2 Bc5 30. Qc4 Qf6 31. Nf3 g5 32. Qe2 Kg7 1/2-1/2

[Event "Roncana op-A 8th"]
[Site "Santa Eulalia de Roncana"]
[Date "2014.10.18"]
[Round "2"]
[White "Company Codina, Abel"]
[Black "Costa Trave, Jaume"]
[Result "0-1"]
[WhiteElo "1945"]
[BlackElo "2133"]
[PlyCount "68"]
[EventDate "2014.10.11"]
[EventType "swiss"]
[EventRounds "8"]
[EventCountry "ESP"]
[SourceTitle "CBM 163 Extra"]
[Source "ChessBase"]
[SourceDate "2014.12.23"]
[SourceVersion "1"]
[SourceVersionDate "2014.12.23"]
[SourceQuality "1"]

1. c4 c6 2. g3 d5 3. cxd5 cxd5 4. d4 Nc6 5. Bg2 Bf5 6. a3 e6 7. Bf4 g5 8. Be3 h5 9. Qd2 Be7 10. f4 g4 11. Nc3 Na5 12. Qd1 Nc4 13. Bc1 h4 14. e3 a6 15. b3 Qa5 16. Nge2 Nxa3 17. Bxa3 Bxa3 18. Qd2 b5 19. Qa2 b4 20. Na4 Rc8 21. Nc5 Rxc5 22. dxc5 Qxc5 23. Qd2 Qc2 24. Qxc2 Bxc2 25. Nd4 Bg6 26. Kd2 Nf6 27. Nc2 h3 28. Bf1 Ne4+ 29. Ke1 Nxg3 30. hxg3 Bxc2 31. Bxa6 Bxb3 32. Kf2 Bc4 33. Bb7 Kd7 34. e4 Rb8 0-1